PRODUCTION OF MANAGERIAL KNOWLEDGE AND ORGANIZATIONAL (Record no. 8362)

MARC details
000 -LEADER
fixed length control field 00364nam a2200133Ia 4500
008 - FIXED-LENGTH DATA ELEMENTS--GENERAL INFORMATION
fixed length control field 260604s9999 xx 000 0 und d
020 ## - INTERNATIONAL STANDARD BOOK NUMBER
International Standard Book Number 9781787691841
082 ## - DEWEY DECIMAL CLASSIFICATION NUMBER
Classification number 658 ZIL
100 ## - MAIN ENTRY--PERSONAL NAME
Personal name ZIBER [TAMMAR B.]
9 (RLIN) 35541
245 #0 - TITLE STATEMENT
Title PRODUCTION OF MANAGERIAL KNOWLEDGE AND ORGANIZATIONAL
260 ## - PUBLICATION, DISTRIBUTION, ETC.
Name of publisher, distributor, etc. EMERALD PUBLISHING
500 ## - GENERAL NOTE
General note Management, Production
942 ## - ADDED ENTRY ELEMENTS (KOHA)
Koha item type Book
Holdings
Date last seen Total Checkouts Full call number Barcode Cost, replacement price Price effective from Koha item type Lost status Damaged status Not for loan Withdrawn status Home library Current library Shelving location Date acquired Cost, normal purchase price BOOK NO
06/04/2026   658 ZIL 003980 9466.92 06/04/2026 Book         Indian Institute of Management Visakhapatnam Indian Institute of Management Visakhapatnam   06/04/2026 9466.92 ZIL

Copyright © 2024 Indian Institute of Management Visakhapatnam
Koha v23.05